Statystyki dla Pastwa dające najwięcej pieniędzy na Unię Europejską

Kliknij tutaj aby rozwiązać quiz!

Ogólne statystyki

  • Ten quiz został rozwiązany 36 razy
  • Średni wynik to 9 z 10

Statystyki odpowiedzi

KwotaPaństwo% Poprawnych
4,36 mld €Belgia
100%
22,45 mld €Francja
100%
11,95 mld €Hiszpania
100%
6,85 mld €Holandia
100%
32,76 mld €Niemcy
100%
5,68 mld €Polska
97%
4,39 mld €Szwecja
97%
15,27 mld €Włochy
92%
3,84 mld €Austria
83%
2,93 mld €Dania
72%

Rozkład punktacji

Percentyl według liczby udzielonych odpowiedzi

Procent ludzi z każdym wynikiem

Twoja historia wyników

Nie rozwiązałeś tego quizu